Пропуск в контексте

Теоретические основы государственного суверенитета Республики Беларусь, его правовое обеспечение

В монографии на основе обобщения доктринальных подходов действующего законодательства, с учетом взглядов, высказанных в юридической и политологической научной литературе, практики государственного строительства рассматриваются теоретико-правовые основы суверенитета, права народа и нации на самоопред...

Fuld beskrivelse

Сохранить в:
Bibliografiske detaljer
Hovedforfatter: Шавцова-Варфоломеева А. В.
Format: Книга
Sprog:Russian
Udgivet: Минск БГУ 2016
Online adgang:https://e.lanbook.com/book/180683
https://e.lanbook.com/img/cover/book/180683.jpg
Tags: Tilføj Tag
Ingen Tags, Vær først til at tagge denne postø!
LEADER 01870nam0a2200265 i 4500
001 180683
003 RuSpLAN
005 20221220174134.0
008 221220s2016 ru gs 000 0 rus
020 |a 978-985-566-351-6 
040 |a RuSpLAN 
041 0 |a rus 
044 |a ru 
080 |a 321.011(476) 
084 |a 67.400.51(4Беи)  |2 rubbk 
245 0 0 |a Теоретические основы государственного суверенитета Республики Беларусь, его правовое обеспечение  |c Шавцова-Варфоломеева А. В. 
260 |a Минск  |b БГУ  |c 2016 
300 |a 183 с. 
504 |a Библиогр.: доступна в карточке книги, на сайте ЭБС Лань 
520 8 |a В монографии на основе обобщения доктринальных подходов действующего законодательства, с учетом взглядов, высказанных в юридической и политологической научной литературе, практики государственного строительства рассматриваются теоретико-правовые основы суверенитета, права народа и нации на самоопределение, основные этапы становления, признаки и гарантии государственного суверенитета Республики Беларусь. 
521 8 |a Книга из коллекции БГУ - Право. Юридические науки 
100 1 |a Шавцова-Варфоломеева А. В. 
856 4 |u https://e.lanbook.com/book/180683 
856 4 8 |u https://e.lanbook.com/img/cover/book/180683.jpg 
953 |a https://e.lanbook.com/img/cover/book/180683.jpg